Bí ẩn về cái chết của Vladimir Maiakovski : Giả thuyết mới về cái chết của V. Maiakovski, căn cứ vào các tư liệu mới tìm thấy trong hồ sơ tuyệt mật
Giả thuyết mới về cái chết của nhà thơ Nga V. Maiakovski không phải do tự sát, căn cứ vào các tư liệu trong hồ sơ tác giả đã phân tích có thể đó là một vụ án mạng có liên quan đến OGPU (cơ quan quản lí chính trị Quốc gia)...
Đã lưu trong:
| Hovedforfatter: | |
|---|---|
| Format: | Bog |
| Sprog: | Undetermined |
| Udgivet: |
Thành phố Hồ Chí Minh
Trẻ
2002
|
| Fag: | |
| Tags: |
Tilføj Tag
Ingen Tags, Vær først til at tagge denne postø!
|
| Thư viện lưu trữ: | Trung tâm Học liệu Trường Đại học Cần Thơ |
|---|
| LEADER | 01139nam a2200217Ia 4500 | ||
|---|---|---|---|
| 001 | CTU_93668 | ||
| 008 | 210402s9999 xx 000 0 und d | ||
| 020 | |c 33000 | ||
| 082 | |a 891.7 | ||
| 082 | |b S628 | ||
| 100 | |a Skoriatin, Valentin | ||
| 245 | 0 | |a Bí ẩn về cái chết của Vladimir Maiakovski : | |
| 245 | 0 | |b Giả thuyết mới về cái chết của V. Maiakovski, căn cứ vào các tư liệu mới tìm thấy trong hồ sơ tuyệt mật | |
| 245 | 0 | |c Valentin Skoriatin; Lê Kháng Trường dịch | |
| 260 | |a Thành phố Hồ Chí Minh | ||
| 260 | |b Trẻ | ||
| 260 | |c 2002 | ||
| 520 | |a Giả thuyết mới về cái chết của nhà thơ Nga V. Maiakovski không phải do tự sát, căn cứ vào các tư liệu trong hồ sơ tác giả đã phân tích có thể đó là một vụ án mạng có liên quan đến OGPU (cơ quan quản lí chính trị Quốc gia) | ||
| 650 | |a Russian literature,Russian fiction | ||
| 904 | |i Trọng Hải | ||
| 980 | |a Trung tâm Học liệu Trường Đại học Cần Thơ | ||